Jones Lang LaSalle is quickest out of the blocks (Record no. 83099)

MARC details
000 -LEADER
fixed length control field 00933cab a22001935a 4500
001 - CONTROL NUMBER
control field L152802
008 - FIXED-LENGTH DATA ELEMENTS--GENERAL INFORMATION
fixed length control field 110504e20110428xxk 000 0 eng d
035 ## - SYSTEM CONTROL NUMBER
System control number (Sirsi) u152802
041 0# - LANGUAGE CODE
Language code of text/sound track or separate title eng
110 2# - MAIN ENTRY--CORPORATE NAME
Corporate name or jurisdiction name as entry element Property Week
9 (RLIN) 1549
245 00 - TITLE STATEMENT
Title Jones Lang LaSalle is quickest out of the blocks
260 ## - PUBLICATION, DISTRIBUTION, ETC.
Date of publication, distribution, etc. 2011
490 #0 - SERIES STATEMENT
Series statement Property Week
Volume/sequential designation 77(17) 28 April 2011, 28(1)
520 ## - SUMMARY, ETC.
Summary, etc. The latest Property Data agents' league tables show Jones Lang LaSalle selling more UK property than any other agent in the first quarter of 2011 totalling £1.8bn out of £8.55bn transacted by the top 10 agents in this period. Office deals dominated in this quarter. Dowley Turner entered the top 10 for the first time. Tables cover totals, offices, retail and industrial subdivisions for Q1 2011 and Q1 2010.
590 ## - LOCAL NOTE (RLIN)
Local note KA
651 #4 - SUBJECT ADDED ENTRY--GEOGRAPHIC NAME
Geographic name United Kingdom
Chronological subdivision
690 ## - LOCAL SUBJECT ADDED ENTRY--TOPICAL TERM (OCLC, RLIN)
Topical term or geographic name as entry element PROPERTY-COMMERCIAL PROPERTY-COMMERCIAL PROPERTY MARKET
942 ## - ADDED ENTRY ELEMENTS (KOHA)
Suppress in OPAC 0
Holdings
Withdrawn status Lost status Source of classification or shelving scheme Damaged status Not for loan Home library Current library Shelving location Date acquired Total Checkouts Full call number Barcode Date last seen Copy number Price effective from Koha item type
    Dewey Decimal Classification     London London Journal article 04/05/2011   L152802 152802-1001 06/08/2019 1 06/08/2019 Journal article